<?xml version="1.0" encoding="UTF-8"?>
<marc:record xmlns:marc="http://www.loc.gov/MARC21/slim">
   <marc:leader>00000nam a2200000 a 4500</marc:leader>
   <marc:datafield ind1="1" ind2=" " tag="100">
      <marc:subfield code="a">Kinney, Jeff</marc:subfield>
      <marc:subfield code="4">aut</marc:subfield>
      <marc:subfield code="e">Verfasser/-in</marc:subfield>
   </marc:datafield>
   <marc:datafield ind1="0" ind2="0" tag="245">
      <marc:subfield code="a">Gregs Tagebuch Bd. 3 - Jetzt reicht`s!</marc:subfield>
   </marc:datafield>
   <marc:datafield ind1="0" ind2="0" tag="245">
      <marc:subfield code="b">Ein Comic-Roman</marc:subfield>
   </marc:datafield>
   <marc:datafield ind1="0" ind2="0" tag="245">
      <marc:subfield code="c">Kinney, Jeff</marc:subfield>
   </marc:datafield>
   <marc:datafield ind1=" " ind2="1" tag="264">
      <marc:subfield code="c">2009</marc:subfield>
   </marc:datafield>
   <marc:datafield ind1="1" ind2=" " tag="520">
      <marc:subfield code="a">Kurzbeschreibung&#xD;
Seien wir ehrlich: Greg wird sich niemals ändern. Das sollte wohl mal jemand seinem Vater erklären. Denn der denkt tatsächlich, er könnte seinen Sohn erziehen und aus ihm noch einen richtigen Mann machen. Deshalb auch ist er eifrig auf der Suche nach einer passenden Beschäftigung für Greg. Noch konnte der sich immer aus allem herauswinden. Als sein Vater ihm jetzt jedoch damit droht, ihn auf die Militärakademie zu schicken, ist Greg klar, dass er sich etwas wirklich Gutes einfallen lassen muss. Heiß erwarteter dritter Band der viel bejubelten Bestsellerserie! Mehr als 4 Mio. verkaufte Exemplare allein von Band 1 und 2 in den USA! Seit über 80 Wochen auf der Bestsellerliste der New York Times Phänomenale Resonanz auch beim deutschen Publikum und in den Medien!</marc:subfield>
   </marc:datafield>
   <marc:datafield ind1=" " ind2=" " tag="020">
      <marc:subfield code="a">9783833936340</marc:subfield>
      <marc:subfield code="9">9783833936340</marc:subfield>
   </marc:datafield>
   <marc:datafield ind1=" " ind2=" " tag="020">
      <marc:subfield code="a">3833936347</marc:subfield>
      <marc:subfield code="9">3833936347</marc:subfield>
   </marc:datafield>
   <marc:datafield ind1=" " ind2=" " tag="338">
      <marc:subfield code="a">Band</marc:subfield>
   </marc:datafield>
   <marc:datafield ind1=" " ind2=" " tag="300">
      <marc:subfield code="a">218 S.</marc:subfield>
   </marc:datafield>
</marc:record>
